000 00629nam a2200241 a 4500
001 nice12345678
003 IN_TiNIC
005 20260116013050.0
008 050524s1996 lona grp 000 0 eng
020 _a0334490
_c1135.65
082 0 0 _a297.1224
_bROB
100 _aRobinson, Neal
245 _aDiscovering the Quran; a Contemporary Approach to a Veiled Text
260 _aLondon
_bScm Press
_c1996
300 _a332p
500 _aincludes index and biblioraphy
505 2 _aindexes
650 _aQuran-Textual Criticism
700 1 _aRobinson, Neal
902 _bSRS
942 _cBK
999 _c9500
_d9500